Welcome to CU Library Online Public Access Catalogue (OPAC)

Torres and Ehrlich Modern Dental Assisting/ (Record no. 4215)

MARC details
000 -LEADER
fixed length control field 00582nam a22001817a 4500
005 - DATE AND TIME OF LATEST TRANSACTION
control field 20250223165847.0
008 - FIXED-LENGTH DATA ELEMENTS--GENERAL INFORMATION
fixed length control field 250223b |||||||| |||| 00| 0 eng d
020 ## - INTERNATIONAL STANDARD BOOK NUMBER
International Standard Book Number 9780721676272
050 ## - LIBRARY OF CONGRESS CALL NUMBER
Classification number RK60.5
Item number .T67
100 ## - MAIN ENTRY--PERSONAL NAME
Personal name Bird, Doni
245 ## - TITLE STATEMENT
Title Torres and Ehrlich Modern Dental Assisting/
Statement of responsibility, etc. Doni Bird & Debbie Robinson with contributions by Audrey Behrens
250 ## - EDITION STATEMENT
Edition statement 6th ed.
260 ## - PUBLICATION, DISTRIBUTION, ETC.
Place of publication, distribution, etc. Philadelphia
Name of publisher, distributor, etc. W. B. Saunders Company
Date of publication, distribution, etc. 1999
300 ## - PHYSICAL DESCRIPTION
Extent xxii. 714p.
Other physical details ill. some color
Dimensions 28cm
700 ## - ADDED ENTRY--PERSONAL NAME
Personal name Robinson, Debbie
700 ## - ADDED ENTRY--PERSONAL NAME
Personal name Behrens, Audrey
942 ## - ADDED ENTRY ELEMENTS (KOHA)
Source of classification or shelving scheme Library of Congress Classification
Koha item type Books
Edition 6th ed.
Suppress in OPAC No
999 ## -
-- 4215
-- 4215
Holdings
Withdrawn status Lost status Source of classification or shelving scheme Damaged status Not for loan Collection Home library Current library Shelving location Date acquired Total checkouts Full call number Barcode Date last seen Copy number Price effective from Koha item type
    Library of Congress Classification     Non-fiction Science Library (Miotso) Science Library (Miotso) General stacks 02/23/2025   RK60.5 .T67 TOR SLM00003886 02/23/2025 1 02/23/2025 Books
    Library of Congress Classification     Non-fiction Science Library (Miotso) Science Library (Miotso) General stacks 02/23/2025   RK60.5 .T67 TOR SLM00003887 02/23/2025 2 02/23/2025 Books
© 2023-2024 Copyright: Central University Libraries. All Rights Reserved | Created by: Mahone Tech Office